Materiales y procesos de fabricación : industria metalmecánica /
Guardado en:
| Autor Principal: | |
|---|---|
| Otros Autores: | |
| Formato: | Libro |
| Idioma: | Undetermined Spanish English |
| Publicado: |
México :
Limusa,
c1996.
|
| Materias: | |
| Etiquetas: |
Agregar Etiqueta
Sin Etiquetas, Sea el primero en etiquetar este registro!
|
| LEADER | 00961nam a22002535a 4500 | ||
|---|---|---|---|
| 001 | EIQ.libpla001100 | ||
| 008 | 060727s1996####mx#ao#########001#0#und#d | ||
| 005 | 20060727105030.0 | ||
| 245 | 1 | 0 | |a Materiales y procesos de fabricación : |b industria metalmecánica / |c Harry D. Moore, Donald R. Kibbey. |
| 260 | |a México : |b Limusa, |c c1996. | ||
| 300 | |a 920 p. : |b il., fotos ; |c 25 cm. | ||
| 500 | |a Incluye índice. | ||
| 500 | |a "Versión autorizada en español de la obra publicada en inglés con el título: Manufacturing, materials and processes". | ||
| 500 | |a Colaborador en la traducción: Julio Fournier González. | ||
| 020 | |a 968181973x | ||
| 100 | 1 | |a Moore, Harry D. | |
| 700 | 1 | |a Kibbey, Donald R. | |
| 650 | 4 | |a Plásticos |x Moldeado. | |
| 650 | 4 | |a Metáles |x Fabricación. | |
| 650 | 0 | |a Plastics |x Molding. | |
| 650 | 4 | |a Metals |x Manufacturing. | |
| 040 | |a AR-BbSID |b spa |c AR-BbSID | ||
| 041 | 1 | |a spa |h eng | |
| 859 | |a AR-BbSID |b BIB. PLAPIQUI |h 620.11 |i M 781 |p 4716 | ||
